Statistics for Movies by Pictures of the Villains #2

Click here to take the quiz!

General Stats

  • This quiz has been taken 1,228 times
  • The average score is 13 of 20

Answer Stats

Answer% Correct
The Lion King
99%
Barbie
91%
American Psycho
81%
Beetlejuice
79%
Spider-Man
79%
The Shining
78%
Austin Powers
70%
Inglourious Basterds
66%
Gremlins
65%
The Exorcist
63%
A Clockwork Orange
62%
Mad Max: Fury Road
62%
Kill Bill: Volume 1
59%
Die Hard
58%
Taxi Driver
55%
Aliens
51%
One Flew Over the Cuckoo’s Nest
49%
Misery
44%
Everything Everywhere All At Once
30%
Goldfinger
27%

Score Distribution

Percentile by Number Answered

Percent of People with Each Score

Your Score History

You have not taken this quiz